000 00651nam a2200241 a 4500
001 BRL_1056
005 20190320211020.0
008 061113s1972----sp-ao#####---#000-0#spa-#
020 _a8420900850
041 _aspa
044 _asp
050 4 _aNK4225
_b.D87 1972
100 1 _aDuruz, Yvone
_925696
245 1 0 _aLa cerámica en casa en 18 lecciones
_cYvone Duruz ; fotos de Bernard Wyder.
260 _aBarcelona
_bAyma
_c1972
300 _a125 p.
_bil. (algunas a color)
_c20 cm.
500 _aAu1174
650 1 4 _aAlfarería
_925697
650 1 4 _aCerámica
_91200
700 1 _aWyder, Bernard
_eil.
_925698
902 _aGRL
942 _2lcc
_cB
999 _c9868
_d9868